Trustees for the Proprietors of Halistra Common Grazings v Lambert (Record no. 48631)

MARC details
000 -LEADER
fixed length control field 01071cab a2200217 4500
001 - CONTROL NUMBER
control field X77352
008 - FIXED-LENGTH DATA ELEMENTS--GENERAL INFORMATION
fixed length control field 090401t1997 xxu||||| |||| 00| 0 eng d
035 ## - SYSTEM CONTROL NUMBER
System control number (Sirsi) u77352
041 ## - LANGUAGE CODE
Language code of text/sound track or separate title eng
245 ## - TITLE STATEMENT
Title Trustees for the Proprietors of Halistra Common Grazings v Lambert
260 ## - PUBLICATION, DISTRIBUTION, ETC.
Date of publication, distribution, etc. 1997
350 ## - PRICE (NR) (BK AM CF MU VM SE) [OBSOLETE]
Price 0
490 ## - SERIES STATEMENT
Series statement Scots Law Times
Volume/sequential designation 1997 SLT(Land Ct)7-13(7)
520 ## - SUMMARY, ETC.
Summary, etc. Scottish Land Court. Lord Philip, D D McDiarmid, J Kinloch. 30 May 1996.Landlord and tenant - croft - common grazings - apportionment - validity - apportionment to owner-occupiers with rights of grazings - no crofters with shares in common grazing - nature of rights in common grazings following purchase by crofters of crofts with parts, privileges and pertinents - validity of relet of common grazings to owner-occupiers - whether entitled to apportionment - Crofters (Scotland) Act 1993.
650 ## - SUBJECT ADDED ENTRY--TOPICAL TERM
Topical term or geographic name entry element COMMON GRAZINGS
650 ## - SUBJECT ADDED ENTRY--TOPICAL TERM
Topical term or geographic name entry element CROFTERS (SCOTLAND) ACT 1993
650 ## - SUBJECT ADDED ENTRY--TOPICAL TERM
Topical term or geographic name entry element CROFTING
690 ## - LOCAL SUBJECT ADDED ENTRY--TOPICAL TERM (OCLC, RLIN)
Topical term or geographic name as entry element LANDLORD AND TENANT-AGRICULTURAL TENANCIES
942 ## - ADDED ENTRY ELEMENTS (KOHA)
Suppress in OPAC 0
948 ## - LOCAL PROCESSING INFORMATION (OCLC); SERIES PART DESIGNATOR (RLIN)
c (OCLC) 25/03/1997
Holdings
Withdrawn status Lost status Source of classification or shelving scheme Damaged status Not for loan Home library Current library Shelving location Date acquired Total Checkouts Full call number Barcode Date last seen Copy number Price effective from Koha item type
    Other/Generic Classification Scheme     London London Journal article 14/09/1999   X77352 77352-1001 06/08/2019 1 06/08/2019 Law report